Working class movement in India in the wake of globalization. (Record no. 745554)

MARC details
000 -LEADER
fixed length control field 00891nam a2200277Ia 4500
003 - CONTROL NUMBER IDENTIFIER
control field OSt
005 - DATE AND TIME OF LATEST TRANSACTION
control field 20220928112638.0
008 - FIXED-LENGTH DATA ELEMENTS--GENERAL INFORMATION
fixed length control field 220927b |||||||| |||| 00| 0 eng d
037 ## - SOURCE OF ACQUISITION
Terms of availability Textual
040 ## - CATALOGING SOURCE
Original cataloging agency SDCL
Transcribing agency SDCL
Language of cataloging eng
041 ## - LANGUAGE CODE
Source of code eng
Language code of text/sound track or separate title eng
100 ## - MAIN ENTRY--PERSONAL NAME
Personal name George Jose Ed.
9 (RLIN) 429070
245 #0 - TITLE STATEMENT
Title Working class movement in India in the wake of globalization.
260 ## - PUBLICATION, DISTRIBUTION, ETC.
Place of publication, distribution, etc. New Delhi
Name of publisher, distributor, etc. Manohar
Date of publication, distribution, etc. 2012
300 ## - PHYSICAL DESCRIPTION
Extent New Delhi
Dimensions cm.
650 ## - SUBJECT ADDED ENTRY--TOPICAL TERM
Topical term or geographic name entry element Political Science
700 ## - ADDED ENTRY--PERSONAL NAME
Personal name Kumar Manoj Ed.
9 (RLIN) 429071
700 ## - ADDED ENTRY--PERSONAL NAME
Personal name Ojha Dharmendra Ed.
9 (RLIN) 429072
942 ## - ADDED ENTRY ELEMENTS (KOHA)
Classification part X:97D.2'P, Q2
Koha item type Textual
Source of classification or shelving scheme Colon Classification (CC)
Holdings
Withdrawn status Lost status Damaged status Not for loan Home library Current library Date acquired Source of acquisition Cost, normal purchase price Total Checkouts Full call number Barcode Date last seen Cost, replacement price Price effective from Koha item type
        South Campus Library South Campus Library 2022-09-28 188, 21/09/2012, Classic Book Service 1295.00   X:97D.2'P Q2 SC1508560 2022-09-28 1295.00 2022-09-28 Textual
Copyright @ Delhi University Library System